Szwedzcy sportowcy - nagła śmierć - Statystyki

Ogólne statystyki
  • Ten quiz został rozwiązany 71 razy
  • Średni wynik to 6 z 10
Answers on the Grid
Answers color-coded by a green-red scale on the quiz's grid according to % correct below.
Zlatan Ibrahimović
Armand Duplantis
Ousmane Dembélé
Janne Ahonen
Erling Haaland
Charlotte Kalla
Artjoms Rudņevs
Peter Forsberg
Dejan Kulusevski
Rafael Nadal
Sarah Sjöström
Gylfi Sigurðsson
Fredrik Ljungberg
Therese Johaug
Mikkel Hansen
Carolina Klüft
Victor Wembanyama
Mikael Ishak
Björn Borg
Ole Einar Bjoerndalen
 
Statystyki odpowiedzi
Odpowiedź % Poprawnych
Zlatan Ibrahimović
98%
Armand Duplantis
76%
Fredrik Ljungberg
68%
Mikael Ishak
65%
Björn Borg
63%
Dejan Kulusevski
60%
Peter Forsberg
60%
Sarah Sjöström
55%
Carolina Klüft
53%
Charlotte Kalla
48%
Nie znaleziono quizów pasujących do podanych kryteriów
Rozkład punktacji
Procent ludzi z każdym wynikiem
Percentyl według liczby udzielonych odpowiedzi
Twoja historia wyników
Nie rozwiązałeś tego quizu